[Event "AUTO-OPEN-2348"]
[Site "http://www.queenalice.com/game.php?id=932544"]
[Date "2011.5.1"]
[Round "1"]
[White "julin27"]
[Black "MariusLola"]
[Result "0-1"]
[WhiteElo "1100"]
[BlackElo "1840"]

1. e4 e5 2. d4 exd4 3. Qxd4 Nc6 4. Qa4 Nf6 5. Bg5 Be7 6. Bxf6 Bxf6 7. Bb5 Bxb2
8. Bxc6 bxc6 9. Nf3 Bxa1 10. O-O Bf6 11. e5 Bg5 12. h4 Be7 13. Nc3 O-O 14. Nd4
Bxh4 15. Qc4 Qg5 16. Ne4 Qxe5 17. Nc5 d5 18. Qc3 Bf6 19. Re1 Qh5 20. Qb4 Bxd4
21. Qxd4 Qg6 22. Qf4 Bh3 23. Qf3 Bg4 24. Qg3 Rae8 25. Rxe8 Rxe8 26. Qxc7 h6 27.
f3 Bh3 28. g4 Qxc2 29. Qg3 Qxc5+ 30. Kh2 Bf1 31. Qc7 Qf2+ 32. Kh1 Qg2# 0-1

[Event "AUTO-OPEN-2348"]
[Site "http://www.queenalice.com/game.php?id=932567"]
[Date "2011.5.1"]
[Round "1"]
[White "HILITO"]
[Black "julin27"]
[Result "1-0"]
[WhiteElo "2060"]
[BlackElo "1100"]

1. e4 e5 2. Nf3 f6 3. Bc4 Nc6 4. O-O d6 5. c3 Bg4 6. d3 Bxf3 7. Qxf3 Qd7 8. Be3
g5 9. Qh5+ Qf7 10. Qxf7+ Kd8 11. Qxf8+ 1-0

[Event "AUTO-OPEN-2348"]
[Site "http://www.queenalice.com/game.php?id=932568"]
[Date "2011.5.1"]
[Round "1"]
[White "julin27"]
[Black "HILITO"]
[Result "0-1"]
[WhiteElo "1100"]
[BlackElo "2091"]

1. e4 c6 2. d4 d5 3. e5 Bf5 4. Nc3 e6 5. Bd3 Bxd3 6. Qxd3 Qb6 7. Na4 Qa5+ 8. Bd2
Qxa4 9. b3 Qa6 10. Qg3 Ne7 11. Bg5 Nf5 12. Qd3 Bb4+ 13. Ke2 Nxd4+ 14. Ke3 Qxd3+
0-1

[Event "AUTO-OPEN-2348"]
[Site "http://www.queenalice.com/game.php?id=932583"]
[Date "2011.5.1"]
[Round "1"]
[White "julin27"]
[Black "paivaric"]
[Result "0-1"]
[WhiteElo "1178"]
[BlackElo "1420"]

1. e4 d5 2. exd5 Qxd5 3. Nc3 Qe6+ 4. Be2 g6 5. Nf3 Bg7 6. Na4 Nf6 7. O-O O-O 8.
Ng5 Qc6 9. Nc3 b6 10. d4 e6 11. Bf3 Nd5 12. Qd2 h6 13. Nh3 f5 14. Bxd5 exd5 15.
b3 Be6 16. Nf4 Nd7 17. Re1 Rae8 18. Nxg6 Rf6 19. Nf4 Nf8 20. Ncxd5 Bxd5 21. Rxe8
Qxe8 22. Nxd5 Re6 23. Nxc7 Re1+ 0-1

[Event "AUTO-OPEN-2348"]
[Site "http://www.queenalice.com/game.php?id=932584"]
[Date "2011.5.1"]
[Round "1"]
[White "paivaric"]
[Black "julin27"]
[Result "0-1"]
[WhiteElo "1371"]
[BlackElo "1169"]

1. e4 e5 2. b3 d5 3. exd5 Qxd5 4. Nc3 Qd4 5. Bb2 Bg4 6. f3 Bh5 7. Ne4 Qxb2 8. c3
Ba3 9. b4 Nf6 10. Nc5 e4 11. Na4 Qxa1 12. Qxa1 b5 13. Nc5 exf3 14. Nxf3 Bxf3 15.
gxf3 a5 16. Bxb5+ c6 17. Ba4 O-O 18. Qb1 Re8+ 19. Kd1 axb4 20. Qb3 Na6 21. Bxc6
Nxc5 22. Qc4 Rad8 23. Bxe8 Rxe8 0-1

[Event "AUTO-OPEN-2350"]
[Site "http://www.queenalice.com/game.php?id=933655"]
[Date "2011.5.3"]
[Round "1"]
[White "Pedro666"]
[Black "julin27"]
[Result "1-0"]
[WhiteElo "2330"]
[BlackElo "1100"]

1. e4 e5 2. Nf3 Nc6 3. Bc4 Nd4 4. Nxe5 d6 5. Nxf7 Qh4 6. O-O Be6 7. Bxe6 Nxe6 8.
Nxh8 Qxe4 9. Re1 Qc4 10. Qh5+ Ke7 11. Qf7+ Kd8 12. Rxe6 Nf6 13. Qxf8+ Kd7 14.
Qf7+ 1-0

[Event "AUTO-OPEN-2350"]
[Site "http://www.queenalice.com/game.php?id=933656"]
[Date "2011.5.3"]
[Round "1"]
[White "julin27"]
[Black "Pedro666"]
[Result "0-1"]
[WhiteElo "1100"]
[BlackElo "2329"]

1. e4 d5 2. exd5 Nf6 3. Nc3 Nxd5 4. Nxd5 Qxd5 5. d3 e5 6. c3 Nc6 7. Be3 Bf5 8.
d4 exd4 9. cxd4 Bb4+ 10. Ke2 O-O-O 11. Nf3 Qc4+ 12. Qd3 Qxd3# 0-1

[Event "AUTO-OPEN-2350"]
[Site "http://www.queenalice.com/game.php?id=933685"]
[Date "2011.5.3"]
[Round "1"]
[White "julin27"]
[Black "Oitoson"]
[Result "1-0"]
[WhiteElo "1224"]
[BlackElo "1397"]

1. e4 c5 2. Bc4 a6 3. Qf3 e6 4. Ne2 b5 5. e5 Ra7 6. Bd3 Bb7 7. Be4 Qc7 8. Bxb7
Rxb7 9. O-O Nc6 10. d4 cxd4 11. Bf4 Nge7 12. Na3 1-0

[Event "AUTO-OPEN-2350"]
[Site "http://www.queenalice.com/game.php?id=933686"]
[Date "2011.5.3"]
[Round "1"]
[White "Oitoson"]
[Black "julin27"]
[Result "0-1"]
[WhiteElo "1397"]
[BlackElo "1198"]

1. d4 Nc6 2. e4 e5 3. d5 Nb4 4. a3 Na6 5. b4 d6 6. Be2 f5 7. f3 f4 8. Bb5+ Bd7
9. Bxd7+ Qxd7 10. c4 c5 11. b5 Nb8 12. Nh3 b6 0-1

[Event "AUTO-OPEN-2350"]
[Site "http://www.queenalice.com/game.php?id=933687"]
[Date "2011.5.3"]
[Round "1"]
[White "julin27"]
[Black "Phenomenusmiracularis"]
[Result "0-1"]
[WhiteElo "1100"]
[BlackElo "2023"]

1. e4 e5 2. d4 exd4 3. Qxd4 Nc6 4. Qa4 Nf6 5. Bb5 Bc5 6. Bg5 Qe7 7. Nd2 Bxf2+ 8.
Kxf2 Ng4+ 9. Ke2 Qxg5 10. Ngf3 Qe3+ 11. Kd1 Nf2+ 12. Kc1 Nxh1 13. b3 Nf2 14. Nh4
Nd4 15. Nf5 Nxf5 16. exf5 Qe1+ 17. Kb2 Qxd2 18. Qe4+ Nxe4 19. h3 Qc3+ 20. Kb1
Nd2+ 21. Kc1 Nxb3+ 22. axb3 Qxa1+ 23. Kd2 Qa5+ 24. b4 Qxb4+ 25. c3 Qxb5 26. g4
O-O 27. g5 Re8 28. h4 Re2+ 29. Kc1 Qb2+ 30. Kd1 Qd2# 0-1

[Event "AUTO-OPEN-2350"]
[Site "http://www.queenalice.com/game.php?id=933688"]
[Date "2011.5.3"]
[Round "1"]
[White "Phenomenusmiracularis"]
[Black "julin27"]
[Result "1-0"]
[WhiteElo "2116"]
[BlackElo "1178"]

1. e4 e5 2. Nf3 Bd6 3. d4 Nc6 4. d5 Nb4 5. a3 Na6 6. c4 Nc5 7. Qc2 Nf6 8. Nc3
O-O 9. b4 Na6 10. c5 Be7 11. Nxe5 d6 12. Bxa6 bxa6 13. Nc6 Qd7 14. O-O Bb7 15.
Nxe7+ Qxe7 16. c6 Bc8 17. Bg5 Qe5 18. f4 Qd4+ 19. Kh1 Ng4 20. f5 f6 21. Bf4 Re8
22. Rad1 Qc4 23. h3 Ne5 24. Bxe5 dxe5 25. Qd2 Qb3 26. Ra1 a5 27. b5 Rb8 28. Qd3
a6 29. Rfb1 Qxb1+ 30. Rxb1 axb5 31. Nxb5 Ba6 32. a4 Red8 33. Qc3 Bxb5 34. axb5
h6 35. Qxa5 g5 36. Qxc7 Kf8 37. d6 Ke8 38. Qe7# 1-0

[Event "Challenge"]
[Site "http://www.queenalice.com/game.php?id=968507"]
[Date "2011.8.4"]
[Round "-"]
[White "julin27"]
[Black "gisa2010"]
[Result "0-1"]
[WhiteElo "1258"]
[BlackElo "1195"]

1. e4 b6 2. d4 Bb7 3. Nc3 e6 4. Nf3 Nc6 5. Nb5 a6 6. Nc3 Nf6 7. Bd3 g6 8. Bg5
Be7 9. Bxf6 Bxf6 10. d5 Nb4 0-1